LEADER 01987nam0 22004213i 450 001 VAN00157260 005 20240806100959.612 017 70$2N$a9783319265483 100 $a20210609d2016 |0itac50 ba 101 $aeng 102 $aCH 105 $a|||| ||||| 200 1 $aˆA ‰Controlled Phase Gate Between a Single Atom and an Optical Photon$eDoctoral Thesis accepted by the Max-Planck-Institut für Quantenoptik, Germany$fAndreas Reiserer 210 $aCham$cSpringer$d2016 215 $axiii, 72 p.$cill.$d24 cm 410 1$1001VAN00104193$12001 $aSpringer theses$erecognizing outstanding Ph.D. research$1210 $aBerlin$cSpringer$d2010- 500 1$3VAN00157261$aˆA ‰Controlled Phase Gate Between a Single Atom and an Optical Photon$91800550 606 $a00A79 (77-XX)$xPhysics [MSC 2020]$3VANC023182$2MF 606 $a81-XX$xQuantum theory [MSC 2020]$3VANC019967$2MF 606 $a81V80$xQuantum optics [MSC 2020]$3VANC023592$2MF 610 $aAtom-photon entanglement$9KW:K 610 $aAtom-photon-photon entanglement$9KW:K 610 $aCavity trapped atom$9KW:K 610 $aControlled phase gate$9KW:K 610 $aGround-state cooling$9KW:K 610 $aNondestructive photon detection$9KW:K 610 $aQuantum networks$9KW:K 620 $aCH$dCham$3VANL001889 700 1$aReiserer$bAndreas$3VANV140634$0799806 712 $aSpringer $3VANV108073$4650 801 $aIT$bSOL$c20250221$gRICA 856 4 $uhttp://doi.org/10.1007/978-3-319-26548-3$zEbook - Accesso al full text attraverso riconoscimento indirizzo IP di Ateneo 899 $aBIBLIOTECA DEL DIPARTIMENTO DI MATEMATICA E FISICA$1IT-CE0120$2VAN08 912 $fN 912 $aVAN00157260 950 $aBIBLIOTECA DEL DIPARTIMENTO DI MATEMATICA E FISICA$d08DLOAD e-book 2633 $e08eMF2633 20210609 996 $aControlled Phase Gate Between a Single Atom and an Optical Photon$91800550 997 $aUNICAMPANIA LEADER 01675nam 2200397z- 450 001 9910346030103321 005 20210211 010 $a989-26-1470-4 035 $a(CKB)4920000000093804 035 $a(oapen)https://directory.doabooks.org/handle/20.500.12854/47970 035 $a(oapen)doab47970 035 $a(EXLCZ)994920000000093804 100 $a20202102d2017 |y 0 101 0 $apor 135 $aurmn|---annan 181 $ctxt$2rdacontent 182 $cc$2rdamedia 183 $acr$2rdacarrier 200 00$aFracasso e verdade na recepc?a?o de Poli?bio e Tuci?dides 210 $cCoimbra University Press$d2017 215 $a1 online resource (210 p.) 225 1 $aHumanitas Supplementum 311 08$a989-26-1469-0 330 $aThis book discusses the problem of the reception either of, or in, Thucydides' and Polybius' texts, examining its narrative, historiographical, literary and/or cultural perspectives. It is subdivided into eight meditations. The first meditation presents three methodological procedures (reception, mediation, comparison) which articulate the discussion about the main constituents (political failures, truths) of that problem along the other seven meditations. 606 $aBiography and non-fiction prose$2bicssc 610 $aGreek narrative 610 $aNarrative theory 610 $aPolybius 610 $aReception studies 610 $aThucydides 615 7$aBiography and non-fiction prose 700 $aBreno Battistin Sebastiani$4auth$01294113 906 $aBOOK 912 $a9910346030103321 996 $aFracasso e verdade na recepção de Políbio e Tucídides$93022889 997 $aUNINA LEADER 01599nam0 22003251i 450 001 UON00507568 005 20231205105442.613 010 $a979-11-88108-75-6 100 $a20220131d2019 |0itac50 ba 101 $akor 102 $aKR 105 $a|||| ||||| 200 1 $a21-segi Han'guk u?i pulp'yo?ngdu?ng$eku?ppyo?n hanu?n sijang kwa kajok, chich'e toen sahoe cho?ngch'aek$fKu In-hoe chiu?m 210 $aSo?ul T'u?kpyo?lsi$cSahoe P'yo?ngnon Ak'ademi$d2019 215 $a288 p.$cill.$d23 cm 311 $aCOR XII 81 N$9UON00507569 410 0$1001UON00507569$12001 $aSo?ul Taehakkyo Sahoe Kwahak Yo?n'guwo?n sahoe kwahak yo?n'gu ch'ongso?$1210 $aSo?ul T'u?kpyo?lsi$cSahoe P'yo?ngnon Ak'ademi$d2016-$v6 COR XII 81 N 606 $aCOREA DEL SUD$xCONDIZIONI ECONOMICHE E SOCIALI$xSEC. 21.$3UONC098830$2FI 606 $aDISTRIBUZIONE DEL REDDITO$xCorea del Sud$3UONC098832$2FI 606 $aUguaglianza$xAspetti economici$xCorea del Sud$3UONC098831$2FI 620 $aKR$dS?ul T'?kpy?lsi$3UONL005684 686 $aCOR XII$cCOREA - ECONOMIA$2A 700 0$aKu In-hoe$3UONV286273$01075492 712 $aSahoe P'yo?ngnon Ak'ademi$3UONV286274$4650 801 $aIT$bSOL$c20260227$gRICA 899 $aSIBA - SISTEMA BIBLIOTECARIO DI ATENEO E ARCHIVIO STORICO$2UONSI 912 $aUON00507568 950 $aSIBA - SISTEMA BIBLIOTECARIO DI ATENEO E ARCHIVIO STORICO$dSI COR XII 081 N $eSI 38375 5 081 N 996 $a21-segi Han'guk u?i pulp'yo?ngdu?ng$92585060 997 $aUNIOR